MARC details
| 000 -LEADER |
| campo de control de longitud fija |
01861nam a2200397 i 4500 |
| 001 - NÚMERO DE CONTROL |
| campo de control |
161037 |
| 003 - IDENTIFICADOR DE NÚMERO DE CONTROL |
| campo de control |
ES-MaACL |
| 005 - FECHA Y HORA DE LA ÚLTIMA TRANSACCIÓN |
| campo de control |
20250822062555.0 |
| 008 - DATOS DE LONGITUD FIJA--INFORMACIÓN GENERAL |
| campo de control de longitud fija |
010207m18831889sp |||| | spa d |
| 080 ## - NÚMERO DE LA CLASIFICACIÓN DECIMAL UNIVERSAL |
| Número de la Clasificación Decimal Universal |
5 |
| 100 1# - ENTRADA PRINCIPAL--NOMBRE DE PERSONA |
| Nombre de persona |
Ordás, Alfonso. |
| 9 (RLIN) |
130673 |
| 245 10 - MENCIÓN DEL TÍTULO |
| Título |
Cultura jeneral [sic] : |
| Resto del título |
ensayos de esposición [sic] científica / |
| Mención de responsabilidad, etc. |
por A. Ordás. |
| 260 ## - PUBLICACIÓN, DISTRIBUCIÓN, ETC. |
| Lugar de publicación, distribución, etc. |
Madrid : |
| Nombre del editor, distribuidor, etc. |
[s.n.], |
| Fecha de publicación, distribución, etc. |
[1883-1889] ( |
| Fabricante |
Imp. de Francisco Nozal) |
| 300 ## - DESCRIPCIÓN FÍSICA |
| Extensión |
15 t. en 1 v. ; |
| Dimensiones |
21 cm. |
| 505 8# - NOTA DE CONTENIDO CON FORMATO |
| Nota de contenido con formato |
Contiene: I. Ciencias teóricas: Lógica ; Matemática ; Mecánica ; Física ; Química ; Anatomía o morfología (estructura de todos los cuerpos brutos y vivos) ; Fisiología o praxeología (funciones de todos los seres, inorgánicos y organizados) ; Mineralogía ; Botánica ; Zoología ; Psicología ; Política o sociología ; Clasificación de las ciencias (orden en que deben ser estudiadas) - II. Ciencias prácticas: Ciencia y arte ; Medicina ; Guerra |
| 530 ## - NOTA DISPONIBLE DE FORMULARIO FÍSICO ADICIONAL |
| Nota de formato físico adicional disponible |
Disponible en formato digital. |
| 596 ## - NOTA AL PIE DE IMPRENTA |
| NOTA AL PIE DE IMPRENTA |
Vol. imp. por diferentes impresores. |
| 650 #7 - PUNTO DE ACCESO ADICIONAL DE MATERIA--TÉRMINO DE MATERIA |
| Término de materia o nombre geográfico como elemento de entrada |
Ciencias |
| Fuente del encabezamiento o término |
embne |
| 9 (RLIN) |
10971 |
| 650 #4 - PUNTO DE ACCESO ADICIONAL DE MATERIA--TÉRMINO DE MATERIA |
| Término de materia o nombre geográfico como elemento de entrada |
Lógica. |
| 9 (RLIN) |
14693 |
| 650 #7 - PUNTO DE ACCESO ADICIONAL DE MATERIA--TÉRMINO DE MATERIA |
| Término de materia o nombre geográfico como elemento de entrada |
Mecánica |
| Fuente del encabezamiento o término |
embne |
| 9 (RLIN) |
14869 |
| 650 #7 - PUNTO DE ACCESO ADICIONAL DE MATERIA--TÉRMINO DE MATERIA |
| Término de materia o nombre geográfico como elemento de entrada |
Física |
| Fuente del encabezamiento o término |
embne |
| 9 (RLIN) |
12877 |
| 650 #7 - PUNTO DE ACCESO ADICIONAL DE MATERIA--TÉRMINO DE MATERIA |
| Término de materia o nombre geográfico como elemento de entrada |
Química |
| Fuente del encabezamiento o término |
embne |
| 9 (RLIN) |
16625 |
| 650 #7 - PUNTO DE ACCESO ADICIONAL DE MATERIA--TÉRMINO DE MATERIA |
| Término de materia o nombre geográfico como elemento de entrada |
Anatomía |
| Fuente del encabezamiento o término |
embne |
| 9 (RLIN) |
9800 |
| 650 #4 - PUNTO DE ACCESO ADICIONAL DE MATERIA--TÉRMINO DE MATERIA |
| Término de materia o nombre geográfico como elemento de entrada |
Fisiología. |
| 9 (RLIN) |
136120 |
| 650 #4 - PUNTO DE ACCESO ADICIONAL DE MATERIA--TÉRMINO DE MATERIA |
| Término de materia o nombre geográfico como elemento de entrada |
Mineralogía. |
| 9 (RLIN) |
15053 |
| 650 #7 - PUNTO DE ACCESO ADICIONAL DE MATERIA--TÉRMINO DE MATERIA |
| Término de materia o nombre geográfico como elemento de entrada |
Botánica |
| Fuente del encabezamiento o término |
embne |
| 9 (RLIN) |
10610 |
| 650 #7 - PUNTO DE ACCESO ADICIONAL DE MATERIA--TÉRMINO DE MATERIA |
| Término de materia o nombre geográfico como elemento de entrada |
Zoología |
| Fuente del encabezamiento o término |
embne |
| 9 (RLIN) |
17868 |
| 650 #7 - PUNTO DE ACCESO ADICIONAL DE MATERIA--TÉRMINO DE MATERIA |
| Término de materia o nombre geográfico como elemento de entrada |
Psicología |
| Fuente del encabezamiento o término |
embne |
| 9 (RLIN) |
16540 |
| 650 #7 - PUNTO DE ACCESO ADICIONAL DE MATERIA--TÉRMINO DE MATERIA |
| Término de materia o nombre geográfico como elemento de entrada |
Política |
| Fuente del encabezamiento o término |
embne |
| 9 (RLIN) |
140345 |
| 650 #7 - PUNTO DE ACCESO ADICIONAL DE MATERIA--TÉRMINO DE MATERIA |
| Término de materia o nombre geográfico como elemento de entrada |
Clasificación de las ciencias |
| Fuente del encabezamiento o término |
embne |
| 9 (RLIN) |
135780 |
| 650 #7 - PUNTO DE ACCESO ADICIONAL DE MATERIA--TÉRMINO DE MATERIA |
| Término de materia o nombre geográfico como elemento de entrada |
Arte y ciencia |
| Fuente del encabezamiento o término |
embne |
| 9 (RLIN) |
10329 |
| 650 #4 - PUNTO DE ACCESO ADICIONAL DE MATERIA--TÉRMINO DE MATERIA |
| Término de materia o nombre geográfico como elemento de entrada |
Guerra. |
| 9 (RLIN) |
13173 |
| 852 4# - LOCALIZACIÓN |
| Ubicación |
ES-MaACL |
| Número de control de estantería |
G-3646 |
| Nota libre |
- Enc. hol. |
| -- |
- Enc. en un vol. facticio |
| 856 4# - LOCALIZACIÓN Y ACCESO ELECTRÓNICOS |
| Identificador Uniforme de Recursos |
<a href="http://bdh-rd.bne.es/viewer.vm?id=0000090153&page=1 ">http://bdh-rd.bne.es/viewer.vm?id=0000090153&page=1 </a> |
| Nota pública |
Biblioteca Digital Hispánica |